Statistics for Tanzania First Level Subdivisions

Click here to take the quiz!

General Stats

  • This quiz has been taken 30 times
  • The average score is 13 of 31

Answer Stats

Mkoa% Correct
Dodoma
100%
Dar es Salaam
100%
Arusha
73%
Kilimanjaro
55%
Tanga
45%
Lindi
45%
Mwanza
45%
Iringa
45%
Kigoma
45%
Pemba South
36%
Geita
36%
Tabora
36%
Singida
36%
Ruvuma
36%
Rukwa
36%
Katavi
36%
Pwani
36%
Pemba North
36%
Mtwara
36%
Morogoro
36%
Mbeya
36%
Mara
36%
Manyara
36%
Kagera
36%
Njombe
27%
Shinyanga
27%
Simiyu
27%
Songwe
27%
Zanzibar North
18%
Zanzibar South
18%
Zanzibar Urban West
18%

Score Distribution

Percentile by Number Answered

Percent of People with Each Score

Your Score History

You have not taken this quiz